Two-Face - Portrayals by Picture - Statistics

General Stats
  • This quiz has been taken 9 times
  • The average score is 3 of 24
Answer Stats
Picture Answer % Correct
Aaron Eckhart
57%
Tommy Lee Jones
57%
Billy Dee Williams
43%
Andy Daly
14%
Billy Dee Williams
14%
Christopher McDonald
14%
Nicholas D'Agosto
14%
Richard Moll
14%
Richard Moll
14%
Troy Baker
14%
Troy Baker / Christian Lanz / Steve Blum / Peter Jessop
14%
William Shatner
14%
Dave Boat
0%
Edwin Neal
0%
James Remar
0%
Josh Duhamel
0%
Keith Ferguson
0%
Kevin Michael Richardson
0%
Robert Picardo
0%
Robin Atkin Downes
0%
Toshiyuki Morikawa / Eric Bauza
0%
Travis Willingham
0%
Wade Williams
0%
Yuri Lowenthal
0%
No matching quizzes found
Score Distribution
Percent of People with Each Score
Percentile by Number Answered
Your Score History
You have not taken this quiz